000 00526 a2200181 4500
001 143838
040 _cLeonardo Da Vinci
041 _aPortuguês
082 _aAP910 G199g
_bG199g
100 _aGARCIA, Hélio Carlos
_aGARAVELLO, Tito Marcio
245 _aGeografia
_bensino médio
250 _aLE
260 _bAnglo
_c2008
_aSão Paulo
300 _a56
362 _a20090514
697 _aGeografia
_aAstronomia
_aNoções Espaciais
_aMundo
_aSubsolo
_aGeologia
_aClima
_aVegetação
_aHidrologia
_aPopulação
942 _cBK
999 _c143838
_d143838